Guess the Billie Eilish song (no hints) #9 - Statistics

General Stats
  • This quiz has been taken 816 times
  • The average score is 271 of 370
Answer Stats
Hint Lyrics % Correct
Lyrics I
100%
you
97%
You
97%
a
95%
love
93%
when
91%
the
88%
The
88%
my
87%
My
87%
to
86%
we
86%
your
86%
Your
86%
be
85%
me
85%
an
82%
of
82%
of-
82%
life
81%
were
81%
we're
81%
We're
81%
in
79%
It
79%
it
79%
for
78%
So
78%
so
78%
But
77%
but
77%
was
77%
like
73%
on
73%
said
73%
then
73%
Then
73%
what
73%
and
72%
not
72%
told
72%
go
71%
best
70%
lie
70%
need
70%
rest
70%
wish
70%
Did
69%
did
69%
It's
69%
it's
69%
mine
68%
sorry
68%
if
67%
could
66%
eyes
66%
Felt
66%
looked
65%
now
65%
time?
65%
time
65%
fall
64%
her
64%
just
64%
never
64%
because
63%
Because
63%
there
63%
why
63%
confess
62%
tried
61%
break
60%
know
60%
moved
60%
you'd
60%
again
59%
all
59%
ever
59%
heart?
59%
leave
59%
made
59%
feel
58%
knew
58%
would
58%
apology
57%
isn't
57%
waste
57%
asking
56%
fault
55%
found
55%
kill
55%
lot
55%
or
55%
over
55%
left
54%
Thought
54%
hard
53%
making
53%
mind
53%
stomach
52%
upset
52%
after
51%
almost
51%
with
51%
depressed
50%
immediately
50%
losing
50%
obvious
50%
Say
49%
Wanna
49%
wanted
49%
didn't
47%
glad
45%
keep
45%
it'd
43%
mediocre
42%
way
42%
shoulder?
41%
hand
38%
something
38%
pretty
36%
both
35%
Miss
35%
miss
35%
Camera
33%
camera
33%
girl's
33%
down
31%
went
31%
such
30%
seen
29%
believe
28%
pity
28%
should've
28%
Caught
27%
Wouldn't
27%
fan
26%
Ooh
26%
'til
24%
No matching quizzes found
Score Distribution
Percent of People with Each Score
Percentile by Number Answered
Your Score History
You have not taken this quiz